Железнодорожный транспорт. 1992, Вып.1: Экология и железнодорожный транспорт (Запись № 2045977)

Подробности
000 -МАРКЕР
контрольное поле 01433nam2a22002651 4500
001 - ИДЕНТИФИКАТОР ЗАПИСИ
контрольное поле RU\NLR\INFOCOMM15\1000083657
005 - ИДЕНТИФИКАТОР ВЕРСИИ
контрольное поле 20250617041117.0
035 ## - ДРУГИЕ СИСТЕМНЫЕ НОМЕРА
Идентификатор записи (NLR Aleph) 002436872
100 ## - ДАННЫЕ ОБЩЕЙ ОБРАБОТКИ
Данные общей обработки 20040303d1992 |||y0rusy50 ca
101 0# - ЯЗЫК РЕСУРСА
Язык текста, звукозаписи и т.д. русский
102 ## - СТРАНА ПУБЛИКАЦИИ ИЛИ ПРОИЗВОДСТВА
Страна публикации Российская Федерация
105 ## - ПОЛЕ КОДИРОВАННЫХ ДАННЫХ: ТЕКСТОВЫЕ МАТЕРИАЛЫ, МОНОГРАФИЧЕСКИЕ
Кодированные данные о монографическом текстовом документе y |||||||||
200 1# - ЗАГЛАВИЕ И СВЕДЕНИЯ ОБ ОТВЕТСТВЕННОСТИ
Основное заглавие Экология и железнодорожный транспорт
Первые сведения об ответственности Ю.И. Коробов, Ж.В. Пузанова
210 ## - ПУБЛИКАЦИЯ, РАСПРОСТРАНЕНИЕ И ДР.
Дата издания, распространения и т.д. 1992
Место издания, распространения и т.д. Б. м.
461 #0 - УРОВЕНЬ НАБОРА
Встроенное поле 001RU\NLR\INFOCOMM15\1000083656
-- 2001#$aЖелезнодорожный транспорт$e(Отеч. и зарубеж. опыт)$eОбзор. информ.$iЭкология и железнодорожный транспорт$fЦНИИ информ. и техн.-экон. исслед. ж.-д. трансп. (ЦНИИТЭИ)$v1992, Вып.1
Системный номер (АБИС) связанной записи 2045968
Место публикации М.
Дата публикации 1992-
Первые сведения об ответственности ЦНИИ информ. и техн.-экон. исслед. ж.-д. трансп. (ЦНИИТЭИ)
Заглавие части Экология и железнодорожный транспорт
Сведения, относящиеся к заглавию (Отеч. и зарубеж. опыт) : Обзор. информ.
Заглавие Железнодорожный транспорт
ISSN 0135-9134
Номер тома 1992, Вып.1
700 #1 - ИМЯ ЛИЦА - ПЕРВИЧНАЯ ОТВЕТСТВЕННОСТЬ
Начальный элемент ввода Коробов
Часть имени, кроме начального элемента ввода Ю.И.
Код отношения Автор
701 #1 - ИМЯ ЛИЦА - АЛЬТЕРНАТИВНАЯ ОТВЕТСТВЕННОСТЬ
Начальный элемент ввода Пузанова
Часть имени, кроме начального элемента ввода Ж.В.
Код отношения Автор
801 #1 - ИСТОЧНИК ЗАПИСИ
Страна Российская Федерация
Организация InfoComm
Дата составления 20040303
801 #0 - ИСТОЧНИК ЗАПИСИ
Страна Российская Федерация
Организация NLR
Правила каталогизации PSBO
852 ## - МЕСТОНАХОЖДЕНИЕ И ШИФР ХРАНЕНИЯ
Идентификатор организации NLR
Шифр хранения (Call Number) П10/6976
942 ## - ДОПОЛНИТЕЛЬНЫЕ ЭЛЕМЕНТЫ ЗАПИСИ (АБИС)
Тип экземпляра АБИС Выпуск
980 ## - КОЛЛЕКЦИЯ
Название коллекции Национальная библиография
980 ## - КОЛЛЕКЦИЯ
Название коллекции Русская периодика

Нет доступных экземпляров.